|
|
|
|
| LEADER |
00000nkm a2200000 a 4500 |
| 001 |
vtls011891848 |
| 003 |
SK-MaSNL |
| 005 |
20260512124829.0 |
| 007 |
kp bo |
| 008 |
240703s1933 xo g kuslo |
| 015 |
|
|
|a SNBG1933
|
| 035 |
|
|
|a urn:nbn:sk:snk-km00efdw
|
| 035 |
|
|
|a urn:nbn:sk:snk-km43dmr
|
| 035 |
|
|
|a A7B031B7-7FA7-4B44-98FD-EB4CA231C8C9
|
| 040 |
|
|
|a SNK
|b slo
|c SNK
|e AACR2
|
| 041 |
0 |
|
|a slo
|
| 043 |
|
|
|a e-xo---
|
| 044 |
|
|
|a xo
|c SK
|
| 072 |
|
7 |
|a 913
|x Regionálna geografia
|2 konspekt
|
| 080 |
|
|
|a 913(437.6)
|2 2011
|
| 080 |
|
|
|a 726:27-526.2
|2 2011
|
| 080 |
|
|
|a (084.121)
|2 2011
|
| 080 |
|
|
|a 27-526.64
|2 2011
|
| 080 |
|
|
|a 72.012.8
|2 2011
|
| 080 |
|
|
|a 726:27-523.42
|2 2011
|
| 245 |
0 |
0 |
|a Pribinove slávnosti v Nitre, 833 - 1933
|h grafika
|b Nitra : Oltár Krista-Spasiteľa v biskupskej katedrále
|
| 260 |
|
|
|a Trnava
|b Spolok sv. Vojtecha
|c 1933
|e [Praha]-Smíchov
|f V. Neubert a synovia
|
| 300 |
|
|
|a 1 pohľadnica
|b čiernobiela
|c 14 x 9 cm
|
| 500 |
|
|
|a Na adresnej časti pohľadnice uvedené: "Pribinove slávnosti v Nitre, 833 - 1933. Nitra. - Oltár Krista-Spasiteľa v biskupskej katedrále. Je to typ baldachynového oltára s bohato rozvetvenou architektúrou. Pochádza z r. 1720."
|
| 520 |
8 |
|
|a Zobrazenie: Pohľad v bielom orámovaní na interiér baziliky sv. Emeráma. V pozadí vidno oltár, na ňom svietniky so sviečkami. Vpozadí sú sochy svätcov a za nimi vidno vysoké okno so stĺpmi po stranách
|
| 650 |
0 |
7 |
|a oltáre
|2 SNKPH
|9 3030
|
| 650 |
0 |
7 |
|a sochy
|2 SNKPH
|9 29846
|
| 650 |
0 |
7 |
|a interiéry
|2 SNKPH
|9 2953
|
| 650 |
0 |
7 |
|a baziliky
|2 SNKPH
|9 54566
|
| 651 |
|
7 |
|a Nitra (Slovensko)
|2 SNKPHgeo
|9 15714
|
| 655 |
|
7 |
|a miestne pohľadnice
|2 SNKPH
|9 70510
|
| 852 |
|
|
|a Slovenská národná knižnica
|
| 958 |
|
|
|a EUIPO
|
| 958 |
|
|
|a GBN
|
| 958 |
|
|
|a GC
|
| 958 |
|
|
|a OND
|
| 999 |
|
|
|c 948827
|d 950757
|
| 952 |
|
|
|a SNK
|b SNK
|y PREZ
|7 0
|p 17A1244490
|o snkSP 43802
|0 0
|1 0
|4 0
|d 2019-10-07
|f 1
|l 0
|r 2026-02-24 09:41:20
|w 2026-02-24
|